Alternative economic survey, India 2006-07: (Record no. 11367)

MARC details
000 -LEADER
fixed length control field 00647 a2200181 4500
010 ## - LIBRARY OF CONGRESS CONTROL NUMBER
LC control number ENG-89787
020 ## - INTERNATIONAL STANDARD BOOK NUMBER
International Standard Book Number 8189654403
Terms of availability 275.00
035 ## - SYSTEM CONTROL NUMBER
System control number EN-73320
037 ## - SOURCE OF ACQUISITION
Source of stock number/acquisition DBAD / PUB
082 14 - DEWEY DECIMAL CLASSIFICATION NUMBER
Classification number 338.954
090 ## - LOCALLY ASSIGNED LC-TYPE CALL NUMBER (OCLC); LOCAL CALL NUMBER (OCLC)
-- 11687
-- 11687
245 1# - TITLE STATEMENT
Title Alternative economic survey, India 2006-07:
Remainder of title pampering corporates pauperizing masses/
260 ## - PUBLICATION, DISTRIBUTION, ETC. (IMPRINT)
Place of publication, distribution, etc Delhi
Name of publisher, distributor, etc Daanish Books
Date of publication, distribution, etc 2007
270 ## - ADDRESS
Address B-802, Taj Apartments, Gazipur,
City Delhi
Postal code 110 096
Electronic mail address daanishbooks@gmail.com
300 ## - PHYSICAL DESCRIPTION
Extent xviii, 274p.
Dimensions 28 cm (pbk)
942 ## - ADDED ENTRY ELEMENTS (KOHA)
Institution code [OBSOLETE] dpl
Koha item type English Books
Call number prefix 338.954 / ALT
Holdings
Withdrawn status Lost status Source of classification or shelving scheme Damaged status Not for loan Collection code Home library Current library Source of acquisition Cost, normal purchase price Total Checkouts Full call number Barcode Date last seen Copy number Uniform Resource Identifier Cost, replacement price Price effective from Koha item type
    Dewey Decimal Classification   Not For Loan Non-fiction D.B.Act.Division D.B.Act.Division DBAD/PUB 275.00   338.954 EN-73320 15/09/2008 1 12479 275.00 15/09/2008 English Books

© Delhi Public Library
Hit Counter
free hit counter